Účtovné aspekty cezhraničného splynutia alebo zlúčenia obchodných spoločností v členských krajinách Európskej únie diplomová práca

Saved in:
Bibliographic Details
Main Author: Hroncová, Dana
Corporate Author: Fakulta hospodárskej informatiky EU. Katedra účtovníctva a audítorstva
Other Authors: Máziková, Katarína
Format: Book
Language:Slovak
Published: Bratislava 2012
Tags: Add Tag
No Tags, Be the first to tag this record!

MARC

LEADER 00000nbm a2200000 4500
001 0154751
005 20161109102142.3
041 0 |a slo 
044 |a SK 
245 1 0 |a Účtovné aspekty cezhraničného splynutia alebo zlúčenia obchodných spoločností v členských krajinách Európskej únie  |b diplomová práca  |c Dana Hroncová ; školiteľ: Katarína Máziková 
264 1 |a Bratislava  |c 2012 
300 |a 64 s. 
100 1 |a Hroncová, Dana 
700 1 |a Máziková, Katarína 
710 2 |a Fakulta hospodárskej informatiky EU. Katedra účtovníctva a audítorstva